| 000 | 01221nac a22002891u 4500 | ||
|---|---|---|---|
| 008 | 131223s2006 ja a grb f100 0 eng d | ||
| 010 | _a2006375413 | ||
| 020 | _a4901838091 | ||
| 043 | _an-us--- | ||
| 082 | 0 | 4 |
_a363.325170973 _bPOL _222 |
| 245 | 0 | 0 |
_aPolitical violence and human security in the post-9.11 world / _cedited by Obiya Chika, Kuroki Hidemitsu. |
| 260 |
_aOsaka, Japan : _bThe Japan Center for Area Studies, National Museum of Ethnology, _c2006 _f(Yubunsha Co., Ltd.) |
||
| 300 |
_aiv, 254 p. : _bill. ; _c26 cm. |
||
| 490 | 0 |
_aJCAS symposium series ; _v 24 |
|
| 490 | 0 |
_aState, nation and ethnic relations ; _v9 |
|
| 500 | _aIncludes appendix. | ||
| 504 | _aIncludes bibliographical references. | ||
| 650 | 0 |
_aPolitical violence _934750 _vCongresses |
|
| 650 | 0 |
_aWar on Terrorism, 2001-2009 _934751 _vCongresses |
|
| 650 | 0 |
_aSecurity, International _911851 _vCongresses. |
|
| 653 |
_bPol _cDecember2013 |
||
| 655 |
_vreading book _934232 |
||
| 700 | 1 |
_934747 _aChika ,Obiya, _d1963- _eeditor. |
|
| 700 | 1 |
_934748 _aKuroki, Hidemitsu, _d1961- _eeditor. |
|
| 710 | 2 |
_934749 _aKokuritsu Minzokugaku Hakubutsukan. _b Chiiki Kenkyū Kikaku Kōryū Sentā. |
|
| 942 |
_cBB _k 363.325170973 POL _2ddc |
||
| 999 |
_c3166 _d3166 |
||